000 00299nam a2200121Ia 4500
008 220901s9999||||xx |||||||||||||| ||und||
082 _a517 BAL
100 _aBalaram, P.
245 0 _aCurrent science
250 _aVol.77 Issue 7 & 8
260 _bIndian Academy Science
_c2001
650 _aPhysics
999 _c193947
_d193947